000 00407nam a2200169Ia 4500
008 230711s9999||||xx |||||||||||||| ||und||
020 _a978-81-8531-76-6
041 _aENG
082 _a615.1
_bKU-H
100 _aKulkarni,S.K
245 0 _aHandbook of Experimental Pharmacology
250 _a4th Ed.
260 _c2016
_aDelhi
_bVallabh Prakashan
300 _a279p.
650 _aPharmacy
942 _cBK
999 _c7287
_d7287